[Event "Baltic Zonal III Stage 2018"]
[Site "Liepaja"]
[Date "2018.07.09"]
[Round "1"]
[White "Kovalenko, Igor"]
[Black "Seeman, Tarvo"]
[Result "1-0"]
[WhiteElo "2624"]
[BlackElo "2414"]
[Annotator "TA"]
[PlyCount "127"]
[EventDate "2018.07.09"]
[EventType "swiss"]
[EventCountry "LAT"]
[SourceTitle "playchess.com"]
[Source "ChessBase"]
[SourceQuality "1"]

{[%evp 23,127,34,25,16,18,16,16,16,16,20,19,26,22,14,17,0,28,22,41,33,32,0,0,-28,10,0,62,61,81,37,58,0,66,0,51,0,0,0,72,66,66,0,57,35,76,20,11,17,55,60,68,66,160,160,125,138,138,50,47,54,62,62,61,55,46,25,31,30,89,95,98,79,568,573,2569,1953,2535,1866,29969,1003,1015,1016,992,927,954,942,870,905,743,409,530,294,6545,6111,2489,2299,1577,1420,29973,29973,29983,29984,29992,29993,29993,29994]} 1. e4 c5 2. Nf3 e6 {[%cal Be7e6,Be6e5][%mdl 32]} 3. d4 cxd4 4. Nxd4 Nc6 5. Nc3 d6 6. Be3 Nf6 7. f4 e5 8. Nf3 Ng4 9. Qd2 Nxe3 10. Qxe3 exf4 11. Qxf4 Be7 {[%cal Bf8e7,Be7f6,Bf6e5][%mdl 32]} 12. Bc4 O-O {LiveBook: 3 Games. B82: Sicilian Scheveningen: 6 f4} 13. O-O-O $146 ({Predecessor:} 13. Nd5 b5 14. Bd3 Rb8 15. O-O Be6 16. Kh1 Re8 17. Rad1 Bf8 18. c3 Rb7 19. e5 Bxd5 20. Bxh7+ Kxh7 21. Rxd5 {0-1 (56) Durarbayli,V (2614)-Van Wely,L (2650) Bilbao 2014}) 13... Ne5 14. Bb3 (14. Nxe5 $2 Bg5 $19) 14... Nxf3 $1 {The position is equal.} 15. Qxf3 {White wants to play e5!} Bf6 16. h4 Be5 17. Nd5 a5 18. a3 Be6 19. g4 b5 20. g5 Rc8 21. Kb1 Rb8 22. c3 Kh8 23. Qe3 Qd7 24. h5 Bxd5 (24... b4 $11 25. cxb4 Bxd5 26. exd5 (26. Rxd5 Qg4 $11) 26... axb4) 25. Rxd5 $14 (25. Bxd5 b4 $15) 25... Qg4 26. Bd1 Qd7 27. Bb3 Qg4 $1 28. Bd1 Qd7 29. g6 (29. h6 $14) 29... h6 $11 30. Bb3 f5 (30... b4 $11 31. cxb4 (31. Rxa5 $2 bxc3 32. Qd3 Qb7 $19) 31... axb4) 31. exf5 $16 Qxf5+ 32. Bc2 (32. Ka2 $14) 32... Qg4 ({Black should try} 32... Qf6 $11) 33. Qh3 $1 $14 {[%cal Rh3g4]} Qf4 {...b4 is the strong threat.} 34. Qh4 (34. Rdd1 $1 $16) 34... Qe3 {White must now prevent ...b4!} 35. Re1 Qb6 36. Bd3 Qc6 37. Qe4 Qe8 ({Black should play} 37... Rfc8 $14) 38. Rf1 $1 $16 Rxf1+ 39. Bxf1 b4 40. axb4 ({Don't play} 40. cxb4 $6 axb4 41. axb4 Qa4 $14) (40. Bb5 $16 Qc8 41. cxb4 (41. axb4 axb4 42. Qxb4 Qh3 $14) 41... axb4 42. a4 (42. axb4 Qh3 $11) (42. Qxb4 Qh3 $14)) 40... axb4 $14 41. Bb5 Qf8 42. Qxb4 Qf3 43. Qc4 Qxh5 44. Qe4 $1 Qh2 45. Be2 Qg1+ {[#]} (45... Bxc3 $1 $11 {keeps the balance.} 46. Rb5 d5) 46. Kc2 $1 $16 Qe1 {( -> ...Rxb2+!)} 47. Rb5 $40 {[%cal Rb5b8][%mdl 128] White has strong attack.} Rf8 $2 {[%mdl 8192] [#]} (47... Rc8 $16) 48. Ra5 $1 $18 Qf2 49. Ra8 Qf6 50. b4 Rd8 51. Bc4 (51. b5 $142 Qf8 52. Rxd8 Qxd8 53. b6 Qb8 54. Qc6 Qg8 55. Kd3 h5 56. b7) 51... Qf8 52. Rxd8 Qxd8 53. Bd5 Qc8 54. Qf3 Bf6 55. Kb3 Qe8 56. Qf5 Qd8 57. Qe6 Bg5 $2 (57... Bh4 58. Qe4 Bg3) 58. b5 Bh4 59. Qe3 Bg5 60. Qa7 h5 61. Qf7 {White mates.} h4 62. Kc2 Be3 {[#]} 63. b6 $1 {[%mdl 512]} Bxb6 (63... Qxb6 64. Qg8#) 64. Qf3 {Precision: White = 67%, Black = 42%.} 1-0

[Event "Baltic Zonal III Stage 2018"]
[Site "Liepaja"]
[Date "2018.07.09"]
[Round "1"]
[White "Kulaots, Kaido"]
[Black "Berzinsh, Roland"]
[Result "1-0"]
[WhiteElo "2555"]
[BlackElo "2410"]
[Annotator "ChessBase"]
[PlyCount "69"]
[EventDate "2018.07.09"]
[EventType "swiss"]
[EventCountry "LAT"]
[SourceTitle "playchess.com"]
[Source "ChessBase"]
[SourceQuality "1"]
[TimeControl "5400+30"]

1. e4 {[%emt 0:00:00]} e5 {[%emt 0:00:00]} 2. Nf3 {[%emt 0:00:00]} Nc6 {[%emt 0:00:07]} 3. Bc4 {[%emt 0:00:14]} Nf6 {[%emt 0:00:39]} 4. d3 {[%emt 0:00:19]} Be7 {[%emt 0:00:37]} 5. O-O {[%emt 0:00:14]} O-O {[%emt 0:00:10]} 6. Re1 {[%emt 0:00:05]} d6 {[%emt 0:00:08]} 7. a4 {[%emt 0:00:17]} Na5 {[%emt 0:00:20]} 8. Ba2 {[%emt 0:00:10]} c5 {[%emt 0:00:12]} 9. c3 {[%emt 0:00:48]} Nc6 {[%emt 0:06:40]} 10. Na3 {[%emt 0:01:04]} Be6 {[%emt 0:11:30]} 11. Bxe6 {[%emt 0:09:16]} fxe6 {[%emt 0:00:17]} 12. Bd2 {[%emt 0:02:37]} a6 {[%emt 0:09:32]} 13. b4 {[%emt 0:08:58]} cxb4 {[%emt 0:08:36]} 14. cxb4 {[%emt 0:00:18]} Qd7 {[%emt 0:02:52]} 15. Nc4 {[%emt 0:02:10]} Rae8 {[%emt 0:07:27]} 16. b5 {[%emt 0:03:42]} axb5 {[%emt 0:00:11]} 17. axb5 {[%emt 0:00:10]} Nd8 {[%emt 0:03:02]} 18. Qb3 {[%emt 0:01:52]} Nf7 {[%emt 0:00:15]} 19. h3 {[%emt 0:20:40]} Bd8 {[%emt 0:01:30]} 20. b6 {[%emt 0:01:22]} Be7 {[%emt 0:11:41]} 21. Ra7 {[%emt 0:01:44]} Rc8 {[%emt 0:01:04]} 22. Na5 {[%emt 0:04:19]} Nd8 {[%emt 0:01:41]} 23. Be3 {[%emt 0:04:31]} h6 {[%emt 0:00:32]} 24. Ra1 {[%emt 0:01:58]} Nc6 {[%emt 0:09:15]} 25. Nxb7 {[%emt 0:09:51]} Nxa7 {[%emt 0:00:23]} 26. Rxa7 {[%emt 0:00:26]} d5 {[%emt 0:10:34]} 27. Nc5 {[%emt 0:04:35]} Qd6 {[%emt 0:00:45]} 28. b7 {[%emt 0:05:05]} Rc6 {[%emt 0:08:03]} 29. Nxe6 {[%emt 0:01:15]} Rb8 {[%emt 0:00:24]} 30. Ra8 {[%emt 0:00:30]} Kh7 {[%emt 0:04:36]} 31. Rxb8 {[%emt 0:07:49]} Qxb8 {[%emt 0:00:09]} 32. Ba7 {[%emt 0:00:22]} Rc1+ {[%emt 0:01:35]} 33. Kh2 {[%emt 0:00:05]} Qxa7 {[%emt 0:00:07]} 34. b8=Q {[%emt 0:00:07]} Qxf2 {[%emt 0:00:29]} 35. Qxe5 {[%emt 0:02:29]} 1-0

[Event "Baltic Zonal III Stage 2018"]
[Site "Liepaja"]
[Date "2018.07.09"]
[Round "1"]
[White "Kveinys, Aloyzas"]
[Black "Klabis, Rokas"]
[Result "1/2-1/2"]
[WhiteElo "2537"]
[BlackElo "2347"]
[Annotator "ChessBase"]
[PlyCount "76"]
[EventDate "2018.07.09"]
[EventType "swiss"]
[EventCountry "LAT"]
[SourceTitle "playchess.com"]
[Source "ChessBase"]
[SourceQuality "1"]
[TimeControl "5400+30"]

1. d4 {[%emt 0:00:00]} Nf6 {[%emt 0:00:00]} 2. c4 {[%emt 0:00:15]} e6 {[%emt 0:00:00]} 3. Nc3 {[%emt 0:00:50]} Bb4 {[%emt 0:00:04]} 4. e3 {[%emt 0:00:45]} O-O {[%emt 0:01:52]} 5. Bd3 {[%emt 0:01:20]} Re8 {[%emt 0:01:34]} 6. Qc2 {[%emt 0:12:12]} Nc6 {[%emt 0:10:43]} 7. Bd2 {[%emt 0:02:34]} e5 {[%emt 0:06:35]} 8. d5 {[%emt 0:00:13]} Nb8 {[%emt 0:02:46]} 9. Nge2 {[%emt 0:02:09]} a5 {[%emt 0:04:09]} 10. a3 {[%emt 0:07:00]} Bf8 {[%emt 0:03:46]} 11. e4 {[%emt 0:02:17]} Na6 {[%emt 0:00:56]} 12. Rb1 {[%emt 0:04:33]} Nc5 {[%emt 0:06:21]} 13. b4 {[%emt 0:00:24]} Nxd3+ {[%emt 0:00:03]} 14. Qxd3 {[%emt 0:00:09]} b6 {[%emt 0:02:18]} 15. h4 {[%emt 0:07:41]} axb4 {[%emt 0:15:50]} 16. axb4 {[%emt 0:00:06]} d6 {[%emt 0:00:26]} 17. f3 {[%emt 0:02:53]} Be7 {[%emt 0:02:28]} 18. g4 {[%emt 0:03:45]} Nd7 {[%emt 0:06:18]} 19. g5 {[%emt 0:04:26]} Nf8 {[%emt 0:00:14]} 20. Kf2 {[%emt 0:01:19]} Bd7 {[%emt 0:01:34]} 21. Be3 {[%emt 0:00:48]} f6 {[%emt 0:06:40]} 22. Rbg1 {[%emt 0:00:24]} fxg5 {[%emt 0:00:31]} 23. hxg5 {[%emt 0:01:51]} Ng6 {[%emt 0:01:41]} 24. Rg2 {[%emt 0:04:01]} Rf8 {[%emt 0:03:09]} 25. Qd1 {[%emt 0:09:31]} Rf7 {[%emt 0:04:13]} 26. Qg1 {[%emt 0:00:19]} Nf8 {[%emt 0:07:43]} 27. Qh2 {[%emt 0:08:16]} g6 {[%emt 0:00:09]} 28. b5 {[%emt 0:01:21]} Bc8 {[%emt 0:03:19]} 29. Qg3 {[%emt 0:02:05]} Nd7 {[%emt 0:01:57]} 30. Rgg1 {[%emt 0:00:18]} Nc5 {[%emt 0:01:08]} 31. Bxc5 {[%emt 0:00:35]} bxc5 {[%emt 0:00:05]} 32. Ke3 {[%emt 0:00:09]} Bd7 {[%emt 0:01:28]} 33. Kd3 {[%emt 0:00:28]} Ra3 {[%emt 0:01:14]} 34. Kc2 {[%emt 0:03:53]} Qa8 {[%emt 0:00:59]} 35. Rb1 {[%emt 0:00:06]} Qf8 {[%emt 0:01:01]} 36. Rbf1 {[%emt 0:03:00]} Qa8 {[%emt 0:00:05]} 37. Rb1 {[%emt 0:02:34]} Qf8 {[%emt 0:00:04]} 38. Rbf1 {[%emt 0:00:25]} Qa8 {[%emt 0:00:03]} 1/2-1/2

[Event "Baltic Zonal III Stage 2018"]
[Site "Liepaja"]
[Date "2018.07.09"]
[Round "1"]
[White "Sulskis, Sarunas"]
[Black "Rogule, Laura"]
[Result "1-0"]
[WhiteElo "2507"]
[BlackElo "2320"]
[Annotator "ChessBase"]
[PlyCount "107"]
[EventDate "2018.07.09"]
[EventType "swiss"]
[EventCountry "LAT"]
[SourceTitle "playchess.com"]
[Source "ChessBase"]
[SourceQuality "1"]
[TimeControl "5400+30"]

1. Nf3 {[%emt 0:00:00]} d5 {[%emt 0:00:14]} 2. c4 {[%emt 0:00:34]} e6 {[%emt 0:10:20]} 3. e3 {[%emt 0:01:42]} Nf6 {[%emt 0:01:00]} 4. b3 {[%emt 0:02:10]} c5 {[%emt 0:10:25]} 5. cxd5 {[%emt 0:06:15]} exd5 {[%emt 0:05:51]} 6. d4 {[%emt 0:00:32]} Nc6 {[%emt 0:05:40]} 7. Be2 {[%emt 0:02:35]} Bg4 {[%emt 0:14:14]} 8. dxc5 {[%emt 0:13:13]} Bxc5 {[%emt 0:00:09]} 9. Bb2 {[%emt 0:00:23]} O-O {[%emt 0:05:49]} 10. O-O {[%emt 0:00:30]} Rc8 {[%emt 0:01:26]} 11. Nc3 {[%emt 0:05:52]} a6 {[%emt 0:00:53]} 12. Rc1 {[%emt 0:01:20]} Ba7 {[%emt 0:04:57]} 13. Nd4 {[%emt 0:04:09]} Bd7 {[%emt 0:10:20]} 14. Nxc6 {[%emt 0:08:48]} Bxc6 {[%emt 0:00:16]} 15. Nb1 {[%emt 0:01:01]} Re8 {[%emt 0:03:25]} 16. Bd4 {[%emt 0:06:20]} Bb8 {[%emt 0:05:13]} 17. Nd2 {[%emt 0:07:11]} Qd6 {[%emt 0:03:37]} 18. f4 {[%emt 0:02:44]} Qe6 {[%emt 0:04:54]} 19. a4 {[%emt 0:12:13]} Bd6 {[%emt 0:01:05]} 20. Bd3 {[%emt 0:02:16]} Bd7 {[%emt 0:04:14]} 21. Nf3 {[%emt 0:04:31]} Ne4 {[%emt 0:03:12]} 22. Ne5 {[%emt 0:02:11]} Rxc1 {[%emt 0:01:47]} 23. Qxc1 {[%emt 0:00:06]} Rc8 {[%emt 0:00:56]} 24. Qd1 {[%emt 0:01:24]} Bxe5 {[%emt 0:00:49]} 25. Bxe5 {[%emt 0:02:26]} Nc5 {[%emt 0:01:03]} 26. Bc2 {[%emt 0:02:37]} f6 {[%emt 0:00:17]} 27. Bd4 {[%emt 0:00:34]} Be8 {[%emt 0:00:44]} 28. Bxc5 {[%emt 0:02:43]} Rxc5 {[%emt 0:00:02]} 29. Qd3 {[%emt 0:00:16]} g6 {[%emt 0:01:06]} 30. b4 {[%emt 0:00:45]} Rc7 {[%emt 0:00:16]} 31. Bb3 {[%emt 0:00:37]} Bf7 {[%emt 0:00:04]} 32. Rd1 {[%emt 0:02:22]} Qb6 {[%emt 0:00:38]} 33. Qd4 {[%emt 0:01:02]} Qxd4 {[%emt 0:00:25]} 34. Rxd4 {[%emt 0:00:07]} Rc3 {[%emt 0:00:15]} 35. Bxd5 {[%emt 0:00:48]} Bxd5 {[%emt 0:00:15]} 36. Rxd5 {[%emt 0:00:06]} Rxe3 {[%emt 0:00:16]} 37. Rd6 {[%emt 0:02:10]} Kf7 {[%emt 0:01:05]} 38. Rb6 {[%emt 0:00:33]} Re7 {[%emt 0:00:06]} 39. g4 {[%emt 0:00:12]} f5 {[%emt 0:01:02]} 40. gxf5 {[%emt 0:00:38]} gxf5 {[%emt 0:00:04]} 41. Kf2 {[%emt 0:00:09]} Ke8 {[%emt 0:01:10]} 42. Kg3 {[%emt 0:00:46]} Rg7+ {[%emt 0:00:49]} 43. Kh4 {[%emt 0:01:13]} Rg4+ {[%emt 0:00:30]} 44. Kh5 {[%emt 0:00:05]} Rxf4 {[%emt 0:00:11]} 45. a5 {[%emt 0:00:43]} Rf1 {[%emt 0:00:46]} 46. Rxb7 {[%emt 0:00:16]} f4 {[%emt 0:00:07]} 47. Kg4 {[%emt 0:01:01]} h5+ {[%emt 0:00:57]} 48. Kxh5 {[%emt 0:01:36]} Rg1 {[%emt 0:00:24]} 49. b5 {[%emt 0:00:42]} axb5 {[%emt 0:00:18]} 50. a6 {[%emt 0:00:16]} Rg2 {[%emt 0:00:46]} 51. a7 {[%emt 0:00:25]} Rxh2+ {[%emt 0:00:10]} 52. Kg4 {[%emt 0:00:05]} Ra2 {[%emt 0:00:15]} 53. Kxf4 {[%emt 0:00:12]} Kd8 {[%emt 0:01:05]} 54. Ke4 {[%emt 0:00:24]} 1-0

[Event "Baltic Zonal III Stage 2018"]
[Site "Liepaja"]
[Date "2018.07.09"]
[Round "1"]
[White "Laurusas, Tomas"]
[Black "Brazdzionis, Andrius"]
[Result "1/2-1/2"]
[WhiteElo "2465"]
[BlackElo "2252"]
[Annotator "ChessBase"]
[PlyCount "82"]
[EventDate "2018.07.09"]
[EventType "swiss"]
[EventCountry "LAT"]
[SourceTitle "playchess.com"]
[Source "ChessBase"]
[SourceQuality "1"]
[TimeControl "5400+30"]

1. d4 {[%emt 0:00:00]} Nf6 {[%emt 0:00:00]} 2. c4 {[%emt 0:00:00]} e6 {[%emt 0:00:00]} 3. Nf3 {[%emt 0:00:00]} d5 {[%emt 0:00:00]} 4. Nc3 {[%emt 0:00:00]} Bb4 {[%emt 0:00:05]} 5. cxd5 {[%emt 0:00:00]} exd5 {[%emt 0:00:07]} 6. Qa4+ {[%emt 0:00:01]} Nc6 {[%emt 0:00:08]} 7. Ne5 {[%emt 0:00:03]} Bd7 {[%emt 0:00:07]} 8. Nxd7 {[%emt 0:00:05]} Qxd7 {[%emt 0:00:30]} 9. e3 {[%emt 0:00:05]} O-O {[%emt 0:05:49]} 10. Bd3 {[%emt 0:00:33]} Ne5 {[%emt 0:12:24]} 11. Bb5 {[%emt 0:04:50]} Bxc3+ {[%emt 0:00:06]} 12. bxc3 {[%emt 0:00:02]} c6 {[%emt 0:00:10]} 13. dxe5 {[%emt 0:01:40]} cxb5 {[%emt 0:00:11]} 14. Qd4 {[%emt 0:00:05]} Ne4 {[%emt 0:02:59]} 15. f3 {[%emt 0:10:12]} Ng5 {[%emt 0:00:11]} 16. e4 {[%emt 0:00:06]} Ne6 {[%emt 0:00:36]} 17. Qxd5 {[%emt 0:00:05]} Qc7 {[%emt 0:01:49]} 18. O-O {[%emt 0:01:29]} Qxc3 {[%emt 0:21:27]} 19. Rb1 {[%emt 0:01:41]} a6 {[%emt 0:02:53]} 20. Bd2 {[%emt 0:02:14]} Qd4+ {[%emt 0:07:26]} 21. Qxd4 {[%emt 0:00:10]} Nxd4 {[%emt 0:00:01]} 22. Kf2 {[%emt 0:10:25]} Rac8 {[%emt 0:03:42]} 23. Rfc1 {[%emt 0:03:38]} Nc6 {[%emt 0:01:28]} 24. f4 {[%emt 0:02:04]} Rfd8 {[%emt 0:00:07]} 25. Ke3 {[%emt 0:02:04]} Rd7 {[%emt 0:00:22]} 26. Ba5 {[%emt 0:00:07]} Re8 {[%emt 0:00:18]} 27. Bb6 f6 {[%emt 0:00:58]} 28. exf6 {[%emt 0:14:50]} gxf6 {[%emt 0:00:13]} 29. Re1 {[%emt 0:01:24]} Ne7 {[%emt 0:06:13]} 30. Kf3 {[%emt 0:02:21]} Rd2 {[%emt 0:00:11]} 31. a3 {[%emt 0:03:56]} Rc8 {[%emt 0:09:56]} 32. Rbc1 {[%emt 0:01:18]} Rxc1 {[%emt 0:00:21]} 33. Rxc1 {[%emt 0:00:06]} Nc6 {[%emt 0:00:02]} 34. Rc3 {[%emt 0:07:08]} Kf7 {[%emt 0:03:02]} 35. Be3 {[%emt 0:00:39]} Rb2 {[%emt 0:04:26]} 36. Rd3 {[%emt 0:02:56]} Ke6 {[%emt 0:00:28]} 37. f5+ {[%emt 0:17:37]} Ke7 {[%emt 0:00:26]} 38. Bc5+ {[%emt 0:01:26]} Ke8 {[%emt 0:00:23]} 39. Rd6 {[%emt 0:00:39]} Rc2 {[%emt 0:01:55]} 40. Bd4 {[%emt 0:08:25]} Nxd4+ {[%emt 0:00:59]} 41. Rxd4 {[%emt 0:00:02]} Ke7 {[%emt 0:02:40]} 1/2-1/2

[Event "Baltic Zonal III Stage 2018"]
[Site "Liepaja"]
[Date "2018.07.09"]
[Round "1"]
[White "Malisauskas, Vidmantas"]
[Black "Vicas, Marijus"]
[Result "1/2-1/2"]
[WhiteElo "2432"]
[BlackElo "2183"]
[Annotator "NA"]
[PlyCount "93"]
[EventDate "2018.07.09"]
[EventType "swiss"]
[EventCountry "LAT"]
[SourceTitle "playchess.com"]
[Source "ChessBase"]
[SourceQuality "1"]
[TimeControl "5400+30"]

1. Nf3 {[%emt 0:02:15]} Nf6 {[%emt 0:00:00]} 2. c4 {[%emt 0:00:08]} e6 {[%emt 0:00:00]} 3. Nc3 {[%emt 0:00:30]} d5 {[%emt 0:00:06]} 4. d4 {[%emt 0:00:09]} c6 {[%emt 0:00:29]} 5. Bg5 {[%emt 0:02:54]} dxc4 {[%emt 0:00:13]} 6. e4 {[%emt 0:00:13]} b5 {[%emt 0:00:05]} 7. e5 {[%emt 0:00:06]} h6 {[%emt 0:00:04]} 8. Bh4 {[%emt 0:00:05]} g5 {[%emt 0:00:06]} 9. Nxg5 {[%emt 0:00:15]} Nd5 {[%emt 0:00:15]} 10. Nf3 {[%emt 0:09:46]} Qa5 {[%emt 0:00:09]} 11. Qd2 {[%emt 0:00:26]} Bb4 {[%emt 0:04:12]} 12. Rc1 {[%emt 0:01:27]} Nd7 {[%emt 0:01:30]} 13. g3 {[%emt 0:03:57]} N7b6 {[%emt 0:13:27]} 14. Bg2 {[%emt 0:03:02]} Na4 {[%emt 0:16:23]} 15. a3 {[%emt 0:01:14]} Bxc3 {[%emt 0:02:35]} 16. bxc3 {[%emt 0:00:08]} Naxc3 {[%emt 0:02:51]} 17. O-O {[%emt 0:10:01]} Qxa3 {[%emt 0:00:30]} 18. Bf6 {[%emt 0:02:48]} Ne4 {[%emt 0:00:48]} 19. Qe2 {[%emt 0:01:27]} Nexf6 {[%emt 0:01:07]} 20. exf6 {[%emt 0:00:06]} Qd6 {[%emt 0:03:19]} 21. Ne5 {[%emt 0:00:22]} Bd7 {[%emt 0:00:21]} 22. Qh5 {[%emt 0:00:41]} Qf8 {[%emt 0:07:25]} 23. Bxd5 {[%emt 0:03:46]} cxd5 {[%emt 0:00:59]} 24. f4 {[%emt 0:00:07]} b4 {[%emt 0:17:53]} 25. f5 {[%emt 0:00:17]} b3 {[%emt 0:00:03]} 26. Rce1 {[%emt 0:05:03]} O-O-O {[%emt 0:12:30]} 27. Nxf7 {[%emt 0:00:22]} Be8 {[%emt 0:02:17]} 28. fxe6 {[%emt 0:00:08]} Bxf7 {[%emt 0:00:03]} 29. exf7 {[%emt 0:00:11]} Qb4 {[%emt 0:04:11]} 30. Re7 {[%emt 0:01:23]} b2 {[%emt 0:01:35]} 31. Qf5+ {[%emt 0:06:35]} Kb8 {[%emt 0:00:04]} 32. Qe5+ {[%emt 0:00:16]} Ka8 {[%emt 0:03:42]} 33. Re8 {[%emt 0:00:22]} Qb5 {[%emt 0:00:55]} 34. Rxd8+ {[%emt 0:02:27]} Rxd8 {[%emt 0:00:03]} 35. Qe7 {[%emt 0:00:19]} Qb8 {[%emt 0:01:23]} 36. Kg2 {[%emt 0:03:22]} c3 {[%emt 0:02:18]} 37. Re1 {[%emt 0:01:27]} Rc8 {[%emt 0:03:56]} 38. Qd7 {[%emt 0:00:16]} c2 {[%emt 0:00:02]} 39. Re8 {[%emt 0:05:54]} c1=Q {[%emt 0:00:07]} 40. f8=Q {[%emt 0:00:13]} b1=Q {[%emt 0:01:21]} 41. Kh3 {[%emt 0:03:34]} Qf1+ {[%emt 0:00:29]} 42. Kh4 {[%emt 0:00:28]} Qe4+ {[%emt 0:00:36]} 43. Rxe4 {[%emt 0:00:52]} Rxf8 {[%emt 0:00:33]} 44. Qc6+ {[%emt 0:00:32]} Qb7 {[%emt 0:00:11]} 45. Re8+ {[%emt 0:00:06]} Rxe8 {[%emt 0:00:04]} 46. Qxe8+ {[%emt 0:00:07]} Qb8 {[%emt 0:00:03]} 47. Qc6+ {[%emt 0:00:06]} 1/2-1/2

[Event "Baltic Zonal III Stage 2018"]
[Site "Liepaja"]
[Date "2018.07.09"]
[Round "1"]
[White "Bernotas, Arturs"]
[Black "Neiksans, Arturs"]
[Result "0-1"]
[WhiteElo "2413"]
[BlackElo "2567"]
[Annotator "ChessBase"]
[PlyCount "106"]
[EventDate "2018.07.09"]
[EventType "swiss"]
[EventCountry "LAT"]
[SourceTitle "playchess.com"]
[Source "ChessBase"]
[SourceQuality "1"]
[TimeControl "5400+30"]

1. e4 {[%emt 0:00:00]} c5 {[%emt 0:00:00]} 2. Nf3 {[%emt 0:00:00]} Nc6 {[%emt 0:00:00]} 3. Bb5 {[%emt 0:00:06]} g6 {[%emt 0:00:01]} 4. c3 {[%emt 0:00:44]} Nf6 {[%emt 0:00:17]} 5. Qe2 {[%emt 0:00:24]} Bg7 {[%emt 0:00:12]} 6. O-O {[%emt 0:00:18]} O-O {[%emt 0:00:08]} 7. Rd1 {[%emt 0:00:44]} e5 {[%emt 0:00:49]} 8. d3 {[%emt 0:06:18]} d6 {[%emt 0:02:22]} 9. Nbd2 {[%emt 0:08:36]} Nh5 {[%emt 0:01:58]} 10. Nf1 {[%emt 0:02:07]} Nf4 {[%emt 0:10:45]} 11. Bxf4 {[%emt 0:06:42]} exf4 {[%emt 0:00:50]} 12. d4 {[%emt 0:12:28]} cxd4 {[%emt 0:03:06]} 13. cxd4 {[%emt 0:00:09]} g5 {[%emt 0:22:52]} 14. h3 {[%emt 0:04:39]} h5 {[%emt 0:00:22]} 15. Bxc6 {[%emt 0:04:50]} bxc6 {[%emt 0:00:11]} 16. N3h2 {[%emt 0:00:44]} Re8 {[%emt 0:03:48]} 17. e5 {[%emt 0:08:24]} g4 {[%emt 0:16:41]} 18. hxg4 {[%emt 0:01:46]} hxg4 {[%emt 0:00:02]} 19. Nxg4 {[%emt 0:06:54]} dxe5 {[%emt 0:00:03]} 20. Nxe5 {[%emt 0:10:07]} Qg5 {[%emt 0:01:06]} 21. Nd2 {[%emt 0:07:41]} f6 {[%emt 0:25:20]} 22. Ne4 {[%emt 0:01:44]} Qf5 {[%emt 0:00:03]} 23. Nd6 {[%emt 0:03:10]} Qe6 {[%emt 0:00:07]} 24. Qh5 {[%emt 0:07:05]} Rd8 {[%emt 0:00:08]} 25. Nef7 {[%emt 0:04:50]} Rxd6 {[%emt 0:01:04]} 26. Nxd6 {[%emt 0:00:04]} Qxd6 {[%emt 0:00:06]} 27. Qe8+ {[%emt 0:00:12]} Qf8 {[%emt 0:03:06]} 28. Qxc6 {[%emt 0:00:18]} Bg4 {[%emt 0:00:18]} 29. Re1 {[%emt 0:00:05]} Rd8 {[%emt 0:00:51]} 30. d5 {[%emt 0:02:52]} Bh5 {[%emt 0:00:53]} 31. f3 {[%emt 0:00:43]} Qb4 {[%emt 0:01:03]} 32. Rad1 {[%emt 0:00:18]} Qxb2 {[%emt 0:00:39]} 33. Qc4 {[%emt 0:00:21]} Bf7 {[%emt 0:02:36]} 34. Qxf4 {[%emt 0:00:43]} Qb6+ {[%emt 0:00:12]} 35. Qe3 {[%emt 0:00:39]} Bf8 {[%emt 0:01:00]} 36. Kh1 {[%emt 0:00:29]} Qxe3 {[%emt 0:01:06]} 37. Rxe3 {[%emt 0:00:02]} Rxd5 {[%emt 0:00:06]} 38. Rxd5 {[%emt 0:00:45]} Bxd5 {[%emt 0:00:05]} 39. a3 {[%emt 0:00:51]} Kf7 {[%emt 0:00:21]} 40. f4 {[%emt 0:00:31]} a5 {[%emt 0:00:18]} 41. a4 {[%emt 0:00:29]} Bb4 {[%emt 0:00:18]} 42. Kh2 {[%emt 0:00:27]} Bc6 {[%emt 0:00:09]} 43. g4 {[%emt 0:00:15]} Bxa4 {[%emt 0:00:05]} 44. g5 {[%emt 0:00:27]} Bc6 {[%emt 0:00:33]} 45. gxf6 {[%emt 0:00:18]} Kxf6 {[%emt 0:00:30]} 46. Rb3 {[%emt 0:00:12]} Bd5 {[%emt 0:00:24]} 47. Rb1 {[%emt 0:00:11]} Be4 {[%emt 0:00:25]} 48. Rb2 {[%emt 0:00:13]} Kf5 {[%emt 0:00:30]} 49. Kg3 {[%emt 0:00:09]} Be1+ {[%emt 0:00:07]} 50. Kh2 {[%emt 0:00:07]} Kxf4 {[%emt 0:00:23]} 51. Kg1 {[%emt 0:00:06]} Ke3 {[%emt 0:00:53]} 52. Kf1 {[%emt 0:00:12]} Bc3 {[%emt 0:00:13]} 53. Rb3 {[%emt 0:00:22]} Bd3+ {[%emt 0:00:15]} 0-1

[Event "Baltic Zonal III Stage 2018"]
[Site "Liepaja"]
[Date "2018.07.09"]
[Round "1"]
[White "Samolins, Vitalijs"]
[Black "Meskovs, Nikita"]
[Result "1-0"]
[WhiteElo "2400"]
[BlackElo "2540"]
[Annotator "ChessBase"]
[PlyCount "85"]
[EventDate "2018.07.09"]
[EventType "swiss"]
[EventCountry "LAT"]
[SourceTitle "playchess.com"]
[Source "ChessBase"]
[SourceQuality "1"]
[TimeControl "5400+30"]

1. e4 {[%emt 0:00:00]} c5 {[%emt 0:00:00]} 2. Nf3 {[%emt 0:00:00]} e6 {[%emt 0:00:10]} 3. c3 {[%emt 0:00:10]} Nf6 {[%emt 0:00:08]} 4. e5 {[%emt 0:00:23]} Nd5 {[%emt 0:00:06]} 5. Bc4 {[%emt 0:00:28]} Nb6 {[%emt 0:02:32]} 6. Bb3 {[%emt 0:00:26]} c4 {[%emt 0:01:10]} 7. Bc2 {[%emt 0:00:04]} d6 {[%emt 0:01:13]} 8. exd6 {[%emt 0:00:43]} Bxd6 {[%emt 0:01:01]} 9. d4 {[%emt 0:01:39]} cxd3 {[%emt 0:01:46]} 10. Qxd3 {[%emt 0:00:20]} Nc6 {[%emt 0:02:35]} 11. O-O {[%emt 0:00:49]} Be7 {[%emt 0:08:56]} 12. Qe2 {[%emt 0:02:28]} Qc7 {[%emt 0:06:34]} 13. a4 {[%emt 0:04:58]} Bd7 {[%emt 0:02:38]} 14. Na3 {[%emt 0:08:00]} a6 {[%emt 0:07:27]} 15. Rd1 {[%emt 0:09:58]} h6 {[%emt 0:05:30]} 16. Nc4 {[%emt 0:09:43]} Nxc4 {[%emt 0:28:27]} 17. Qxc4 {[%emt 0:00:05]} e5 {[%emt 0:00:06]} 18. a5 {[%emt 0:18:34]} Be6 {[%emt 0:01:10]} 19. Qa4 {[%emt 0:00:28]} Bc5 {[%emt 0:03:08]} 20. Qh4 {[%emt 0:11:48]} f6 {[%emt 0:14:55]} 21. b4 {[%emt 0:04:51]} Ba7 {[%emt 0:02:05]} 22. Qh5+ {[%emt 0:09:31]} Kf8 {[%emt 0:03:03]} 23. Nh4 {[%emt 0:01:23]} Ne7 {[%emt 0:00:08]} 24. Ng6+ {[%emt 0:03:45]} Nxg6 {[%emt 0:00:22]} 25. Qxg6 {[%emt 0:00:28]} Bf7 {[%emt 0:05:51]} 26. Qf5 {[%emt 0:04:29]} Qxc3 {[%emt 0:00:06]} 27. Ba3 {[%emt 0:04:04]} Bd4 {[%emt 0:00:06]} 28. Be4 {[%emt 0:00:33]} Rb8 {[%emt 0:02:10]} 29. b5+ {[%emt 0:01:26]} Kg8 {[%emt 0:00:05]} 30. Bd6 {[%emt 0:01:38]} Rd8 {[%emt 0:00:16]} 31. Rac1 {[%emt 0:00:05]} Qb3 {[%emt 0:00:44]} 32. Bc7 {[%emt 0:01:50]} Be6 {[%emt 0:00:55]} 33. Qf3 {[%emt 0:00:34]} Rd7 {[%emt 0:00:35]} 34. Bxb7 {[%emt 0:00:46]} Kf7 {[%emt 0:00:30]} 35. b6 {[%emt 0:00:29]} Qb2 {[%emt 0:00:29]} 36. h3 {[%emt 0:00:33]} f5 {[%emt 0:00:18]} 37. Bxa6 {[%emt 0:00:09]} e4 {[%emt 0:00:41]} 38. Qe2 {[%emt 0:00:03]} Qa3 {[%emt 0:00:32]} 39. b7 {[%emt 0:00:21]} Ba7 {[%emt 0:00:24]} 40. Bc4 {[%emt 0:00:45]} Rxd1+ {[%emt 0:00:34]} 41. Rxd1 {[%emt 0:00:01]} Qc5 {[%emt 0:00:32]} 42. Rd7+ {[%emt 0:00:22]} Kf6 {[%emt 0:00:29]} 43. Qb2+ {[%emt 0:00:07]} 1-0